00531ntaaa2200169 45000030003000000050017000030080021000200400037000410820017000781000032000952450047001272500010001742600043001843000010002275000103002376500021003400120251027202609.00714s1973 ag 01  aAR-BaBNbspacAR-BaBNeaacrdRIC a327.8000 G87 aGrieco, Francisco de Assis  aLa ALPRO y el desarrollo de America Latina a1 ed. aMédico : bEditorial Letras, cc1967 a205 p aConceptos, objetivos, estructura, realizaciones de la Alianza para el Progreso en América Latina aAmérica Latina